NCAA Logos Extreme 2 - Statistics

General Stats
  • This quiz has been taken 53 times
    46 since last reset
  • The average score is 14 of 20
Answer Stats
Hint Answer % Correct
San Francisco Dons Logo PNG Vector San Francisco
95%
Colgate Raiders Logo PNG Vector Colgate
93%
Brown Bears Athletics Logo PNG Vector Brown
90%
Chattanooga Mocs Logo PNG Vector Chattanooga
88%
Davidson Wildcats Logo PNG Vector Davidson
85%
Howard Bison Logo PNG Vector Howard
85%
Saint Peter's Peacocks and Peahens Logo PNG Vector Saint Peters
83%
McNeese State Cowboys Logo PNG Vector Mcneese State
80%
South Dakota Coyotes Logo PNG Vector South Dakota
78%
Portland State Vikings Logo PNG Vector Portland State
73%
Columbia Lions Logo PNG Vector Columbia
71%
Stetson Hatters Logo PNG Vector Stetson
71%
Winthrop Eagles Logo PNG Vector Winthrop
71%
ALABAMA STATE HORNETS Logo PNG Vector Alabama State
66%
Southern Jaguars Logo PNG Vector Southern
66%
Merrimack Warriors Logo PNG Vector Merrimack
56%
Pacific Tigers Logo PNG Vector Pacific
51%
Drexel Dragons Logo PNG Vector Drexel
49%
Saint Joseph's Hawks Logo PNG Vector Saint Josephs
39%
Utah Valley Wolverines Logo PNG Vector Utah Valley
39%
No matching quizzes found
Score Distribution
Percent of People with Each Score
Percentile by Number Answered
Your Score History
You have not taken this quiz since the last reset